000 00695nam a22002417a 4500
003 UA-OsUOA
001 49043
007 ta
008 20131122b un ||||| |||| 00| 0 ukr d
100 _aРоманюк Т.
090 _a82-32
_bР69
942 _cBK
040 _aUA-OsUOA
_bukr
_cUA-OsUOA
_dUA-OsUOA
245 _aКанадські оповідання
300 _a268 с.
955 _a4
041 _aukr
080 _a82-32
260 _aК.
_bСмолоскип
_c2006
650 7 _a82 Література. Літературознавство
_2UDC
999 _c429167
_d429167